| 000 | 01302nam a2200361Ia 4500 | ||
|---|---|---|---|
| 001 | DIGANR0101 | ||
| 006 | m d | ||
| 007 | cr ||||||||||| | ||
| 008 | 100325s1981 sp ac b 000 0 spa d | ||
| 035 | _a(OCoLC)1335126895 | ||
| 040 |
_aDGITA _beng _epn _cDGITA |
||
| 050 | 4 | _aPC3942.28.U17 | |
| 245 | 0 | 0 | _aXavier Rubert de Ventos |
| 264 | 1 |
_aBarcelona : _bAnthropos, Editorial del Hombre, _c1981. |
|
| 300 |
_a1 online resource (32 p.) : _billustrations, portraits. |
||
| 336 |
_atext _btxt _2rdacontent |
||
| 337 |
_acomputer _bc _2rdamedia |
||
| 338 |
_aonline resource _bcr _2rdacarrier |
||
| 490 | 1 |
_aAnthropos: boletin de información y documentación, _x02115611 ; _v3. |
|
| 500 | _aCover title. | ||
| 500 | _a"N.° 3 Junio 1981" --P. [2] of cover. | ||
| 504 | _aIncludes bibliographical references | ||
| 600 | 1 | 0 |
_aRubert de Ventos, Xavier, _d1939- |
| 650 | 0 | _aPhilosophy, Modern. | |
| 650 | 0 |
_aPhilosophy, Spanish _y20th century. |
|
| 655 | 7 |
_aPeriodicals. _2lcgft |
|
| 700 | 1 |
_aRubert de Ventos, Xavier, _d1939- |
|
| 791 | 2 |
_aDigitalia (Firm), _edistributor. |
|
| 793 | 0 |
_gDigitalia e-journal Collection: _aAnthropos |
|
| 830 | 0 |
_aAnthropos (Barcelona, Spain) ; _v3 |
|
| 856 | 4 | 0 |
_3Digitalia Hispánica _uhttps://www.digitaliapublishing.com/a/3544/ |
| 942 | _cRAA | ||
| 999 |
_c230495 _d230495 |
||